000 01091cam a2200313 i 4500
999 _c64864
_d64864
001 64864
003 Mx-PuUPA
005 20210403210535.0
008 080407s1970 mx gr 001 0 spa d
020 _a9683620124
040 _aMx-PuUPA
_bspa
_cMx-PuUPA
_dMx-PuUPA
_erda
041 0 _aspa
100 1 _99886
_aSwadesh, Morris,
_d1909-1967
_eautor
245 1 0 _aDiccionario de elementos del maya yucateco colonial /
_cMauricio Swadesh, Ma. Cristina Álvarez, Juan R. Bastarrachea
250 _aPrimera edición
264 4 _aMéxico, D.F. :
_bUniversidad Nacional Autónoma de México,
_c1970
300 _a135 páginas ;
_c22 cm
336 _atexto
_2rdacontent
_btxt
337 _asin medio
_2rdamedia
_bn
338 _avolumen
_2rdacarrier
_bnc
490 0 _aCentro de Estudios Mayas ;
_v3
650 4 _aMaya (idioma)
_vDiccionarios españoles
650 4 _aMaya (idioma)
_xHistoria
700 1 _aÁlvarez, Ma. Cristina,
_eautor
700 1 _aBastarrachea, Juan R.
_eautor
942 _2ddc
_cLI
_h497.403
_iS9711